Los testículos / (Record no. 176166)

MARC details
000 -LEADER
campo de control de longitud fija 01020nam a22002895i 4500
001 - NÚMERO DE CONTROL
campo de control 176166
003 - IDENTIFICADOR DE NÚMERO DE CONTROL
campo de control ES-MaACL
005 - FECHA Y HORA DE LA ÚLTIMA TRANSACCIÓN
campo de control 20230906220017.0
008 - DATOS DE LONGITUD FIJA--INFORMACIÓN GENERAL
campo de control de longitud fija 101221s1976 sp a |||| | spa d
020 ## - NÚMERO INTERNACIONAL ESTÁNDAR DEL LIBRO
Número Internacional Estándar del Libro 84-345-1601-2
080 ## - NÚMERO DE LA CLASIFICACIÓN DECIMAL UNIVERSAL
Número de la Clasificación Decimal Universal 612.61:616.4
245 04 - MENCIÓN DEL TÍTULO
Título Los testículos /
Mención de responsabilidad, etc. W. R. Butt, D. R. London ; consejo editorial J. R. Bierich... [et al.] ; [traducción española de José Mª Dachs Orrit].
260 ## - PUBLICACIÓN, DISTRIBUCIÓN, ETC.
Lugar de publicación, distribución, etc. Barcelona [etc.] :
Nombre del editor, distribuidor, etc. Salvat,
Fecha de publicación, distribución, etc. D. L. 1976.
300 ## - DESCRIPCIÓN FÍSICA
Extensión X, 226 p. :
Otras características físicas il. bl. y n. ;
Dimensiones 25 cm.
490 1# - MENCIÓN DE SERIE
Mención de serie Clínica endocrinológica ;
Designación de volumen o secuencia 3/3
500 ## - NOTA GENERAL
Nota general Índice.
504 ## - NOTA DE BIBLIOGRAFÍA, ETC.
Nota de bibliografía, etc. Bibliografía.
594 ## - Nota al título y mención de responsabilidad
Nota al título y mención de responsabilidad Tít. original: The Testis.
650 04 - PUNTO DE ACCESO ADICIONAL DE MATERIA--TÉRMINO DE MATERIA
Término de materia o nombre geográfico como elemento de entrada Aparato genital masculino-
Subdivisión general Enfermedades.
9 (RLIN) 144444
700 1# - ENTRADA AGREGADA--NOMBRE PERSONAL
Nombre de persona Butt, W. R.
9 (RLIN) 144442
700 1# - ENTRADA AGREGADA--NOMBRE PERSONAL
Nombre de persona London, D. R.
9 (RLIN) 144443
700 1# - ENTRADA AGREGADA--NOMBRE PERSONAL
Nombre de persona Bierich, J. R.
9 (RLIN) 144420
700 0# - ENTRADA AGREGADA--NOMBRE PERSONAL
Nombre de persona Dachs Orrit, José María.
9 (RLIN) 42410
830 0# - PUNTO DE ACCESO ADICIONAL DE SERIE-TÍTULO UNIFORME
Título uniforme Clínica endocrinológica ;
Designación de volumen o secuencia 3/3
9 (RLIN) 189956
852 ## - LOCALIZACIÓN
Ubicación ES-MaACL
Número de control de estantería E-13847
Encuadernación Olim P-263
Holdings
Estatus retirado Estado de pérdida Estado de daño No para préstamo Biblioteca de origen Biblioteca actual Ubicación en estantería Fecha de adquisición Fuente de adquisición Total de préstamos Signatura topográfica completa Código de barras Visto por última vez Precio de reemplazo Tipo de ítem Koha
        Biblioteca del Ateneo de Madrid Biblioteca del Ateneo de Madrid Depósito 2 21/12/2010     E-13847 1185016 23/02/2023 23/02/2023 Libro impreso